000 01386cad a22003015a 4500
001 E147476
008 090514s2008 xxkao f 000 0 eng d
035 _a(Sirsi) u147476
041 0 _aeng
050 0 4 _a628.164 $2 18
100 2 _aHarrington Carty, Aila
245 0 0 _aConstructed farm wetlands (CFW)
_bdesign manual for Scotland and Northern Ireland
_h[electronic resource]
260 _a[Stirling]
_bSEPA
_c2008
505 2 _aAgriculture and water quality management -- Constructed farm wetlands -- Assessment of the need for a CFW -- Site assessment -- CFW design -- CFW construction and planting -- CFW operation and maintenance -- Appendices
520 _aOffers advice and guidance to farmers, engineers, landscape architects, local authorities and other interested parties on the design, construction and operation of constructed farm wetlands used to treat surface water runoff from farms.
521 _aIntroductory
590 _aKA
651 4 _aScotland
_y1999-
690 _aENVIRONMENTAL AND LAND CONSULTANCY-WATER RESOURCE MANAGEMENT
700 1 _aSholz, Miklas
_cDr
700 1 _aHeal, Kate
_cDr
700 1 _aKeohane, Jerome
700 1 _aDunne, Edmond
_cDr
700 1 _aGouriveau, Fabrice
700 1 _aMustafa, Atif
856 4 0 _uhttps://www.sepa.org.uk/land/land_publications.aspx
_zSearch for the design manual at www.sepa.org.uk
942 _n0
999 _c109577
_d109577